00322nam a2200109Ia 4500082001200000100002200012245009200034260002700126300000900153650002600162710002400188 aRR.0183 aRajeshwar Rao, K. 0aProject planning in public enterprises in India :bReport of the major research project c1993bICSSR, New Delhi av.p. aPUBLIC SECTOR - INDIA aKakatiya University